000 00516 a2200193 4500
005 20260402142935.0
008 260402b |||||||| |||| 00| 0 eng d
020 _a9788121202428
_cRs. 590.00
040 _aMAIN
082 _a363.2562
_bN194I
100 _aNath, Surinder
245 _aIntroduction to forensic anthropology
260 _bGyan Publishing House
_c2018
_aNew Delhi
300 _axii, 147
650 _aForensic Science
650 _aSocial Problems
650 _aPolice Services
942 _cBK
999 _c394454
_d394454